Among Us Imposter Quiz - Statistics

General Stats
  • This quiz has been taken 273 times
  • The average score is 4 of 10
Answer Stats
Question Answer % Correct
Which Imposter Choose Sabotage To Kill Crewmates? Light Off
100%
Which Imposter Will Do? Sabotaged,Kill and Vented
75%
2 Imposter And 8 Crews its Possible?(choose difficulty) Medium😒
50%
2 Imposters how many crews has? 8
38%
Discord Cheater Told Everyone say "YOU ARE IMPOSTER!" Crews and you Truth Discord Cheater? no.-.
38%
When you turn light off you can kill crews doing fix light? Yes(gt fake fix light and random crews 2 kill)
38%
Vented with someone watching you. can you survive? No
19%
When Russian Guys Told you are imposter? So you vote that Russian out? Yea
19%
Close door. Use it How it can do? Can Imposter when crewmate Emergency and kill and Can kill everyone do task finished
13%
Which Contries Mosted Played was an imposter? Britain
6%
No matching quizzes found
Score Distribution
Percent of People with Each Score
Percentile by Number Answered
Your Score History
You have not taken this quiz